000 00264nam a22001097a 4500
082 _a291.72 FAR'I
100 _aFARMAN ALI, CHAUDHARY
_975785
245 _aIMAN,TAQWA,JEHAD FISABILILLAH
260 _aLAHORE
_bSHIRKAT-E-HANFIA
_c1981
300 _a493P
942 _cBK
999 _c581188
_d581188